| 000 | 02339cam a2200541 i 4500 | ||
|---|---|---|---|
| 001 | xx004949144 | ||
| 003 | NUKAT | ||
| 005 | 20260429130318.0 | ||
| 008 | 200918s2020 pl a g |001 0dpol c | ||
| 020 |
_a9788380989849 _q(oprawa twarda) : _czł 69,00 |
||
| 035 | _a(OCoLC)1199642235 | ||
| 035 | _a(NUKAT)xx004949144 | ||
| 040 |
_aKAT U/MB _bpol _erda _cKAT U/MBs _dKAT U/DB _dWR O/PCs _dWA 14/ABs _dOLSZT 008/bak |
||
| 045 | 0 | _bd1920 | |
| 046 | _k2020 | ||
| 100 | 1 |
_aOdziemkowski, Janusz _d(1950- ). _eAutor _940878 |
|
| 245 | 1 | 0 |
_aOstatnia bije godzina... 1920 r. : _bArmia Ochotnicza gen. Józefa Hallera / _cJanusz Odziemkowski. |
| 260 |
_a[Warszawa] : _bInstytut Pamięci Narodowej - Komisja Ścigania Zbrodni przeciwko Narodowi Polskiemu, _ccopyright 2020. |
||
| 300 |
_a478, [1] strona : _bilustracje (w tym kolorowe) ; _c30 cm. |
||
| 336 |
_aTekst _btxt _2rdacontent |
||
| 336 |
_aObraz _bsti _2rdacontent |
||
| 337 |
_aBez urządzenia pośredniczącego _bn _2rdamedia |
||
| 338 |
_aWolumin _bnc _2rdacarrier |
||
| 380 | _aAlbumy i książki artystyczne | ||
| 380 | _aKsiążki | ||
| 388 | 1 | _a2001- | |
| 504 | _aBibliografia na stronach 468-473. Indeks. | ||
| 600 | 1 | 7 |
_aHaller, Józef _d(1873-1960) _2DBN _940879 |
| 610 | 2 | 7 |
_aArmia Ochotnicza (1920) _2DBN _940880 |
| 610 | 1 | 7 |
_aPolska. _bWojsko Polskie (1918-1939). _bArmia Ochotnicza _vwydawnictwa ilustrowane. _2kaba _940881 |
| 610 | 1 | 7 |
_aPolska. _bWojsko Polskie (1918-1939). _bArmia Ochotnicza _vbiografie. _2kaba _940882 |
| 648 | 7 |
_a1901-2000 _2DBN _934996 |
|
| 648 | 7 |
_a1918-1939 _2DBN _936041 |
|
| 650 | 7 |
_aFotografia polska _2DBN _935386 |
|
| 650 | 7 |
_aWojna polsko-bolszewicka (1919-1920) _2DBN _935671 |
|
| 650 | 7 |
_aWarszawa, Bitwa (1920) _vwydawnictwa ilustrowane. _2kaba _940883 |
|
| 650 | 7 |
_aWojna polsko-bolszewicka (1919-1920) _vwydawnictwa ilustrowane. _2kaba _940885 |
|
| 650 | 7 |
_aWojna polsko-bolszewicka (1919-1920) _vbiografie. _2kaba _940884 |
|
| 651 | 7 |
_aPolska _2DBN _935076 |
|
| 655 | 7 |
_aAlbum _2DBN _935390 |
|
| 658 | _aBezpieczeństwo i wojskowość | ||
| 658 | _aHistoria | ||
| 710 | 2 |
_aInstytut Pamięci Narodowej - Komisja Ścigania Zbrodni przeciwko Narodowi Polskiemu. _eWydawca _4pbl _911792 |
|
| 920 | _a978-83-8098-984-9 (oprawa twarda) : zł 69,00 | ||
| 942 |
_2ddc _cBK_NM |
||
| 999 |
_c27868 _d27868 |
||